000 01370nam a22002417a 4500
005 2011022207587.0
008 110222t xxu||||| |||| 00| 0 mar d
010 _aMAR-20624
020 _c250.00
_a9788191027648
035 _aMR-13282
037 _bDBAD / PUB
040 _aDPL
_bMR
082 _a158.1
100 _aएडमॉन्सन,रॉबर्ट
_926164
245 _aप्रतिकूल परिस्थितीचा बॉस बनण्याची गुरूकिल्ली /
_cरॉबर्ट एडमॉन्सन : सुमित्रा जाधव द्वारा अनुवादित
246 _aPratiku Paristithcha Boss Banyachi Gurukilli
_bby Usha Madhav Deshmukh
260 _aकोल्हापूर
_bमुक्ता पब्लिशिंग हाऊस
_c2010
270 _a203,ओमेगा तोवर,राजारामपुरी 9 वी गल्ली ,मेन रोड
_bकोल्हापूर
_e416008
300 _axiv,218पृ
_c21सेमी(अजिल्द)
700 _926165
_aजाधव,सुमित्रा
942 _2ddc
_cMR
_mएडमॉ
_h158.1
999 _c50745
_d50745